| 000 | 00670nam a2200301Ia 4500 | ||
|---|---|---|---|
| 005 | 20260401122400.0 | ||
| 008 | 008 250103s9999 xx 000 0 eng d | ||
| 020 | _a511036590 | ||
| 037 | _aTB | ||
| 040 | _aEDL | ||
| 040 | _beng | ||
| 040 | _cEDL | ||
| 041 | _2eng | ||
| 041 | _aeng | ||
| 084 | _a614.4 BAL | ||
| 084 | _qEDL | ||
| 100 | _aBaldwin, Peter | ||
| 245 | 0 | _aContagion and the State in Europe,1830-1930 | |
| 245 | 0 | _cBaldwin, Peter | |
| 260 | _aCambridge | ||
| 260 | _bCambridge University Press | ||
| 260 | _c2004 | ||
| 300 | _a581p | ||
| 942 | _cTB | ||
| 942 | _h614.4 BAL | ||
| 999 |
_c1846913 _d1846913 |
||